Thajsko uviazlo v chaose revolty

Strategicky dôležité Thajsko ležiace pri vstupe do Melackého prielivu v juhovýchodnej Ázii sa už tretí mesiac zmieta v nepokojoch. Protivládna protestná kampaň opozičných síl v centre Bangkoku pripomína revoltu v Kyjeve. Demonštranti sa domáhajú systémových politických zmien, čo je náročná úloha, kt...

Descrizione completa

Salvato in:
Dettagli Bibliografici
Autore principale: Pressburg, Adrian Peter
Natura: Capitolo di libro
Lingua:slovacco
Soggetti:
Tags: Aggiungi Tag
Nessun Tag, puoi essere il primo ad aggiungerne!!

MARC

LEADER 00000naa a2200000 4500
001 0182450
005 20231113100819.5
041 0 |a slo 
044 |a SK 
245 1 0 |a Thajsko uviazlo v chaose revolty  |c Adrian Peter Pressburg 
520 |a Strategicky dôležité Thajsko ležiace pri vstupe do Melackého prielivu v juhovýchodnej Ázii sa už tretí mesiac zmieta v nepokojoch. Protivládna protestná kampaň opozičných síl v centre Bangkoku pripomína revoltu v Kyjeve. Demonštranti sa domáhajú systémových politických zmien, čo je náročná úloha, ktorá sa nemusí zvládnuť ani predčasnými voľbami. 
610 2 0 |a politika vnútorná 
610 2 0 |a strany politické 
610 2 0 |a vláda 
610 2 0 |a demonštrácie 
610 2 0 |a konflikty 
610 2 0 |a Thajsko 
100 1 |a Pressburg, Adrian Peter